The Ethiopia-Eritrea war : U.S. policy options ; hearing before the Subcommittee on Africa of the Committee on International Relations, House of Representatives ; One Hundred Sixth Congress, first session ; on May 25, 1999.

Bibliographic Details
Corporate Author: United States. Congress. House. Committee on International Relations. Subcommittee on Africa (Author)
Format: Government Document eBook
Language:English
Published: Washington : U.S. Government Printing Office, 1999.
Subjects:
Online Access:https://purl.fdlp.gov/GPO/gpo116527

MARC

Tag First Indicator Second Indicator Subfields
LEADER 00000cam a2200000 i 4500
001 in00004077113
005 20190718163813.0
006 m o d f
007 cr bn||||a||||
008 101117s1999 dcu o f000 0 eng c
019 |a 651865383  |a 657472393  |a 1011781071  |a 1022009409  |a 1071987003 
035 |a (OCoLC)ocn682085352 
040 |a OCLCE  |b eng  |e rda  |e pn  |c OCLCE  |d OCLCQ  |d OCLCF  |d OCLCO  |d OCL  |d OCLCQ  |d CWCLL  |d NJR  |d OCLCA  |d OCLCQ  |d OCLCA  |d UWO  |d OCLCQ  |d GPO  |d MvI  |d UtOrBLW 
042 |a pcc 
043 |a f-et---  |a f-ea---  |a n-us--- 
049 |a WWW 
074 |a 1017-C-01 (online) 
086 0 |a Y 4.IN 8/16:ET 3 
088 |a Serial no. 106-60 (United States. Congress. House. Committee on International Relations) 
110 1 |a United States.  |b Congress.  |b House.  |b Committee on International Relations.  |b Subcommittee on Africa,  |e author.  |0 http://id.loc.gov/authorities/names/n79103951 
245 1 4 |a The Ethiopia-Eritrea war :  |b U.S. policy options ; hearing before the Subcommittee on Africa of the Committee on International Relations, House of Representatives ; One Hundred Sixth Congress, first session ; on May 25, 1999. 
246 3 |a Ethiopia-Eritrea war United States policy options 
264 1 |a Washington :  |b U.S. Government Printing Office,  |c 1999. 
300 |a 1 online resource (iii, 64 pages) 
336 |a text  |b txt  |2 rdacontent 
337 |a computer  |b c  |2 rdamedia 
338 |a online resource  |b cr  |2 rdacarrier 
500 |a "Serial number 106-60." 
500 |a Typo "Ethiopis" ignored and transcribed correctly above. 
588 |a Description based on online resource, PDF version; title from title page (govinfo, viewed Feb. 21, 2019). 
651 0 |a Ethiopia  |x Relations  |z Eritrea. 
651 0 |a Eritrea  |x Relations  |z Ethiopia. 
651 0 |a Ethiopia  |x Politics and government  |y 1991-  |0 http://id.loc.gov/authorities/subjects/sh91004983 
651 0 |a Eritrea  |x Politics and government  |y 1993-  |0 http://id.loc.gov/authorities/subjects/sh91004981 
651 0 |a Ethiopia  |x Foreign relations  |z United States. 
651 0 |a United States  |x Foreign relations  |z Ethiopia. 
651 0 |a Eritrea  |x Foreign relations.  |0 http://id.loc.gov/authorities/subjects/sh2008005299 
651 0 |a United States  |x Foreign relations  |z Eritrea. 
776 0 8 |i Print version:  |a United States. Congress. House. Committee on International Relations. Subcommittee on Africa.  |t Ethiopis-Eritrea [sic] war  |w (DLC) 00300895  |w (OCoLC)43301659 
856 4 0 |u https://purl.fdlp.gov/GPO/gpo116527  |t 0 
999 f f |s b2d848d1-5aa3-356e-bb6a-5369b4961cb8  |i 10713f4c-54ed-308f-973e-bd1cfebd22cd  |t 0 
952 f f |a Texas A&M University  |b College Station  |c Electronic Resources  |d Available Online  |t 0  |e Y 4.IN 8/16:ET 3  |h Superintendent of Documents classification 
998 f f |a Y 4.IN 8/16:ET 3  |t 0  |l Available Online